Spade, Club, Diamond, or Heart? Quiz Stats

 Plays Quiz Updated Jan 17, 2019

Challenge
Share
Tweet
Embed
Score 0/40 Timer 05:00
86 Plays Today
Question Answer Wrong Answers
My _____ Will Go On
Iconic song from 'Titanic'
Heart
94.8%
Spade
0.2%
Club
0.1%
Diamond
0.2%
_____ Are a Girl's Best Friend
Marilyn Monroe song
Diamonds
94.6%
Spades
0.2%
Clubs
0.2%
Hearts
0.3%
Eat One's _____ Out
Idiom meaning to feel sorrow or jealousy
Heart
94.5%
Spade
0.2%
Club
0.2%
Diamond
0.2%
Change of _____
To change one's mind
Heart
94.3%
Spade
0.4%
Club
0.3%
Diamond
0.2%
Fight _____
Chuck Palahniuk novel
Club
94.1%
Spade
0.4%
Diamond
0.3%
Heart
0.3%
Country _____
Closed-membership group for golf and other recreations
Club
94%
Spade
0.3%
Diamond
0.2%
Heart
0.5%
_____ of Gold
Signature Neil Young song
Heart
94%
Spade
0.3%
Club
0.3%
Diamond
0.5%
Wear One's _____ on One's Sleeve
To be open in one's emotions
Heart
93.9%
Spade
0.4%
Club
0.4%
Diamond
0.5%
_____ Are Forever
James Bond film or its Shirley Bassey sung theme
Diamonds
93.7%
Spades
0.3%
Clubs
0.2%
Hearts
0.9%
Culture _____
'Karma Chameleon' band
Club
92.9%
Spade
0.8%
Diamond
0.6%
Heart
0.6%
Neil _____
'Sweet Caroline' singer
Diamond
92.8%
Spade
1.4%
Club
0.2%
Heart
0.6%
_____ in the Rough
A person of good character who lacks in manners or education
Diamond
92.3%
Spade
1%
Club
0.5%
Heart
1.4%
_____ record
An album that sells 10,000,000 copies according to the Recording Industry Association of America.
Diamond
91.6%
Spade
0.5%
Club
4%
Heart
0.6%
Lucy in the Sky with _____
Beatles song from 'Sgt. Pepper's Lonely Hearts Club Band'
Diamonds
91.4%
Spades
0.7%
Clubs
0.7%
Hearts
2.2%
Bleeding _____ Liberal
Derogatory term for the American political left
Heart
91.3%
Spade
0.9%
Club
1.8%
Diamond
0.9%
Hungry _____
Bruce Springsteen single
Heart
91%
Spade
0.9%
Club
2.2%
Diamond
0.9%
Bucket and _____
Traditional equipment for sandcastle construction
Spade
90.7%
Club
3.2%
Diamond
0.8%
Heart
0.4%
_____ of Dixie
Nickname for Alabama
Heart
89.2%
Spade
0.6%
Club
1%
Diamond
4.3%
The A.V. _____
Entertainment website owned by The Onion
Club
88.8%
Spade
2.1%
Diamond
2.4%
Heart
1.2%
In Da _____
50 Cent's breakthrough hit
Club
88.7%
Spade
0.7%
Diamond
0.6%
Heart
5%
_____ América
Mexico City football (soccer) team
Club
88.1%
Spade
1.3%
Diamond
3.6%
Heart
1.8%
_____ Med
French-owned vacation company
Club
88%
Spade
1.1%
Diamond
2.9%
Heart
3%
Blood _____
2006 Leonardo DiCaprio and Djimon Hounsou film
Diamond
88%
Spade
0.6%
Club
2.4%
Heart
4.1%
Sam's _____
American members only retailer
Club
88%
Spade
4.8%
Diamond
1%
Heart
1.2%
James _____
Star of The Practice and The Blacklist
Spader
87.7%
Cluber
3.7%
Diamonder
1.4%
Hearter
2.1%
Call a _____ a _____
To call something as it is without regard for coarseness
Spade
86.8%
Club
1.8%
Diamond
4.1%
Heart
2.4%
David _____
Saturday Night Live alumnus and Just Shoot Me! star
Spade
85%
Club
0.9%
Diamond
5.9%
Heart
3%
Ace of _____
Iconic song by Motörhead
Spades
81.3%
Clubs
2.4%
Diamonds
2.6%
Hearts
8.8%
In _____
Idiom meaning of a large quantity or to a high degree
Spades
81.2%
Clubs
4.2%
Diamonds
7.2%
Hearts
2.2%
Sam ______
Protagonist of 'The Maltese Falcon'
Spade
80.3%
Club
1.9%
Diamond
8.3%
Heart
4.2%
The Tell-Tale _____
Edgar Allan Poe short story
Heart
79.6%
Spade
2.5%
Club
10.7%
Diamond
2.1%
Black _____
Advanced level ski trail
Diamond
78.9%
Spade
5.2%
Club
4.3%
Heart
6.6%
_____ Dogs
David Bowie song and album
Diamond
77.9%
Spade
4.5%
Club
10%
Heart
2.1%
Kate _____
Fashion designer (especially purses)
Spade
77.6%
Club
0.9%
Diamond
13.7%
Heart
2.6%
Love in This _____
Hit for Usher (featuring Young Jeezy)
Club
69.8%
Spade
0.4%
Diamond
0.7%
Heart
23.9%
King of _____
A derisive nickname given to Robert E. Lee by his soldiers after making them dig trenches around Richmond, Virginia.
Spades
69.2%
Clubs
5.5%
Diamonds
3.6%
Hearts
18.3%
Samantha 'Sam' _____
A fictional Special Agent for the NYC FBI on Without A Trace.
Spade
68.5%
Club
2%
Diamond
15.4%
Heart
10.4%
S _____ 7
Former British pop group
Club
67.6%
Spade
6.8%
Diamond
5.8%
Heart
14.5%
Dustin _____
Screech from 'Saved by the Bell'
Diamond
62.1%
Spade
24.3%
Club
1.8%
Heart
6.4%
Atom _____ Mother
Pink Floyd album
Heart
53.9%
Spade
8.2%
Club
17.7%
Diamond
14.5%

You're not logged in!

Compare scores with friends on all Sporcle quizzes.
OR
Log In

You Might Also Like...

Show Comments

Extras

Top Quizzes Today


Score Distribution

Your Account Isn't Verified!

In order to create a playlist on Sporcle, you need to verify the email address you used during registration. Go to your Sporcle Settings to finish the process.

Report this User

Report this user for behavior that violates our Community Guidelines.

Details: